| 000 | 00907cab a2200289 4500 | ||
|---|---|---|---|
| 001 | ABS46736 | ||
| 008 | 090401t1992 xxu||||| |||| 00| 0 eng d | ||
| 035 | _a(Sirsi) u59388 | ||
| 041 | _aeng | ||
| 100 | _aBoyling, J. | ||
| 245 | _aManual handling of loads | ||
| 260 | _c1992 | ||
| 350 | _a0 | ||
| 490 |
_aCS Monthly _bthe Building Surveyor _v1(10) July 1992, 11(1) |
||
| 520 | _aExamines how a new EC directive treats the lifting of heavy objects and how it may affect tasks within an office and design of office space. | ||
| 650 | _aEC DIRECTIVES | ||
| 650 | _aERGONOMICS | ||
| 650 |
_aHEALTH AND SAFETY _96244 |
||
| 650 | _aHEAVY WEIGHTS | ||
| 650 | _aOCCUPATIONAL HEALTH | ||
| 650 | _aDIRECTIVE 89/654/EEC | ||
| 690 | _aBUILT ENVIRONMENT-CONSTRUCTION DESIGN | ||
| 690 | _aBUILT ENVIRONMENT-BUILDING STANDARDS | ||
| 690 | _aECONOMIC AND SOCIAL | ||
| 942 | _n0 | ||
| 948 | _c04/03/1997 | ||
| 999 |
_c36441 _d36441 |
||